La política de ordenamiento territorial en México : de la teoría a la práctica /
Сохранить в:
| Соавтор: | |
|---|---|
| Другие авторы: | , , , |
| Формат: | Материалы конференции |
| Язык: | испанский |
| Опубликовано: |
Morelia, México : México :
UNAM, Centro de Investigaciones en Geografía Ambiental ; UNAM, Instituto de Geografía : Instituto Nacional de Ecología y Cambio Climático,
2013, c2013
|
| Предметы: | |
| Метки: |
Нет меток, Требуется 1-ая метка записи!
|
MARC
| LEADER | 00000nam^a2200000^a^4500 | ||
|---|---|---|---|
| 001 | 000353275 | ||
| 005 | 20250521000000.0 | ||
| 009 | 20260310115103.535 | ||
| 020 | |a 978-607-02-4848-1 | ||
| 037 | |a Acervo ITESO - Biblioteca | ||
| 041 | |a ESP | ||
| 082 | |a 711. 40972 |b SAN | ||
| 111 | |a Congreso Internacional de Ordenamiento Ecológico y Territorial ( |n 5° : |d 2009 : |c Morelia, México) | ||
| 245 | 1 | 3 | |a La política de ordenamiento territorial en México : |b de la teoría a la práctica / |c Coord. e introd. de M.T. Sánchez Salazar, G. Bocco, J.M. Casado Izquierdo. |
| 264 | 4 | |a Morelia, México : |b UNAM, Centro de Investigaciones en Geografía Ambiental ; |a México : |b UNAM, Instituto de Geografía : |b Instituto Nacional de Ecología y Cambio Climático, |c 2013, c2013 | |
| 300 | |a 752 p. | ||
| 336 | |a texto |b txt |2 rdacontenido | ||
| 337 | |a sin mediación |b n |2 rdamedio | ||
| 338 | |a volumen |b nc |2 rdasoporte | ||
| 649 | |a XX | ||
| 650 | |a Desastres - |x Prevención | ||
| 650 | |a Conservación y Protección Ambiental - |z México - |x Aspectos Jurídicos | ||
| 650 | |a Ordenación Territorial - |z México - |x Aspectos Sociales y Culturales | ||
| 650 | |a Ordenación Territorial - |z México - |x Aspectos Jurídicos | ||
| 650 | |a Ordenación Territorial - |z México - |x Tema Principal | ||
| 650 | |a Zonificación Urbana - |z México | ||
| 650 | |a Planeación Regional - |z México | ||
| 650 | |a Planeación Urbana - |z México | ||
| 650 | |a Desarrollo Urbano - |z México | ||
| 650 | |a Desarrollo Económico-Social - |z México | ||
| 650 | |a Política Urbana - |z México | ||
| 650 | |a Política Ambiental - |z México | ||
| 700 | |a Sánchez Salazar, María Teresa |e (coordinación e introducción) | ||
| 700 | |a Bocco, Gerardo |e (coordinación e introducción) | ||
| 700 | |a Casado Izquierdo, José María |e (coordinación e introducción) | ||
| 700 | |a Moncada Maya, José Omar |e (prólogo) | ||
| 910 | |a Fondo General | ||
| 920 | |a Impresos - Libros | ||
| 930 | |a Colección General | ||
| 905 | |a 101 | ||
| 901 | |a 0500245391 |b IT1 |c ACC |i C144518 |u 20250521 | ||
| 902 | |a https://opac.biblio.iteso.mx/vufind/Record/000353275 | ||